000 00754nam a2200217 i 4500
001 114939
003 ES-MaACL
005 20230906190305.0
007 t|
008 070213s1950 sp ||||1| spa d
080 _a621:791(04)
100 1 _aBonhomme, Willy.
_930167
245 1 3 _aEl orden de sucesión de las pasadas de soldadura y el de ejecución de las uniones saldadas /
_cpor M. Willy Bonhomme.
260 _aMadrid :
_bConsejo Superior de Investigaciones Científicas,
_c1950.
300 _a48 p. :
_bil. ;
_c30 cm.
490 1 _aInstituto de la Soldadura: Publicaciones ;
_v10
650 1 4 _aSoldadura.
_917222
830 0 _aInstituto de la Soldadura: Publicaciones ;
_v10
_9185853
852 _aES-MaACL
_jC-56543
999 _c114939
_d114939